Statistics for Страны По Гимнам

Click here to take the quiz!

General Stats

  • This quiz has been taken 490 times
  • The average score is 9 of 15

Answer Stats

ТекстСтрана% Correct
....... — священная наша держава,
....... — любимая наша страна.
Могучая воля, великая слава —
Твоё достоянье на все времена!
Россия
99%
Ещё не погибла ........ и слава и воля,
Ещё нам, братья молодые, улыбнётся судьба.
Сгинут наши враги, как роса на солнце.
Запануем и мы, братья, в своей стороне.
Украина
94%
О, скажи, видишь ты в первых солнца лучах,
Что средь битвы мы шли на вечерней зарнице?
В синем с россыпью звёзд полосатый наш флаг
Красно-белым огнём с баррикад вновь явится
Соединëнные Штаты Америки
77%
Вставай, кто рабства больше не хочет!
Своими кровью и плотью построим нашу новую Великую стену!
Пробил час тревожный! Спасём мы родной край!
Пусть кругом, как гром грохочет наш боевой клич:
Вставай! Вставай!
Китай
74%
Мы, ......— мирные люди,
Сердцем преданы родной земле.
Искренне дружим, силы готовим
Мы в работящей вольной семье
Беларусь
74%
Братья ........,
....... пробудилась,
Шлемом Сципиона
Она увенчала голову.
Где же победа?
Пусть склонится,
Так как Бог создал её
Рабынею Рима
Италия
69%
В её небе золотое солнце,
В её степях золотое зерно.
Она поэма мужеству,
Посмотри на мою страну!
Казахстан
63%
Да продлится царство твоё
Тысячу, восемь ли тысяч
Колен, доколе
Мох не украсит скалы,
Выросшие из щебня.
Япония
60%
Вставайте, сыны Отечества,
Настал день славы!
Против нас поднят
Кровавый флаг тирании
Слышите ли вы в своих деревнях
Рёв кровожадных солдат?
Франция
60%
Слава тебе — властителю дум всех народов,
Вершителю судьбы ........,
Вдохновляющему сердца Пенджаба, Синда,
Гуджарата и Махараштры
Индия
59%
О, ......!
Наш дом и родная земля!
Сердца твоих потомков движимы любовью к тебе,
С пылающими сердцами мы видим, как ты растёшь
Истинной Северянкой, сильной и свободной!
Канада
52%
Ещё ....... не погибла,
Если мы живём!
Что враги у нас отняли,
Саблей отберём!
Польша
51%
Страна, страна, наша страна! —
Бесценные слова…
Долин и гор не знает свет,
Нет берегов, и озёр нет
Любимых больше, чем наш край,
Чем северный наш рай.
Финляндия
40%
Над горизонтом взошло солнце Востока,
Свет истины в глазах Верующих,
Бахман — сияние нашей Веры,
Твоё послание, О Имам, Независимость, Свобода,
Украшение наших Душ.
Иран
35%
Где дом мой? Где дом мой?
Вода журчит по лугам,
Боры шумят по скалам,
В саду сияет весны цветок,
Это рай земной на вид!
Чехия
19%

Score Distribution

Percentile by Number Answered

Percent of People with Each Score

Your Score History

You have not taken this quiz